000 00814nam a22001817a 4500
003 UA-OsUOA
001 15888
007 ta
008 20031210b un ||||| |||| 00| 0 ukr d
100 _aКрасько М.
942 _cSA
040 _aUA-OsUOA
_cUA-OsUOA
_dUA-OsUOA
245 _aМужність - привілей рятівників
_b[Розмова з начальником голов. упр. з питань надзвичайних ситуацій та цивіл. захисту населення облдержадміністрації генерал-майором М.Краськом]/записала Т.Ісаєва
300 _aС.2
955 _a0
773 0 _w0
_tВісті Рівненщини
_dРівне
_d2003
_g№87/24 жовт./
650 7 _aКраєзнавча робота
_2UDC
999 _c302053
_d302053